| 000 | 00489 a2200145 4500 | ||
|---|---|---|---|
| 001 | 57682 | ||
| 082 | _a80286 | ||
| 090 |
_c35363 _d35363 |
||
| 100 | _aShopware | ||
| 245 |
_aElectronic components part I ; semiconductors, transistors and diods, 18min [DVD video] _bshopware |
||
| 260 |
_aNJ _bFilms media group _c2006 |
||
| 490 | _aelectricity and electronics | ||
| 500 | _aCD/DVD | ||
| 600 | _alinks: links: films for the huminities & sciences ; cambridge educational ; meridian education | ||
| 942 |
_aNUST-CAE _k80286 |
||
| 999 |
_c292755 _d292755 |
||